Hearing on National Defense Authorization Act for fiscal year 1999--H.R. 3616 and oversight of previously authorized programs before the Committee on National Security, House of Representatives, One Hundred Fifth Congress, second session : Special Oversight Panel on Morale, Welfare, and Recreation hearings on morale, welfare and recreation, and commissary issues : hearings held March 3, and 12, 1998.

Bibliographic Details
Corporate Authors: United States. Congress. House. Committee on National Security. Special Oversight Panel on Morale, Welfare, and Recreation, ProQuest (Firm)
Format: Government Document eBook
Language:English
Published: Washington : U.S. G.P.O. : 1998.
Series:U.S. Congressional Hearings.
Subjects:
Online Access:Connect to the full text of this electronic book

MARC

Tag First Indicator Second Indicator Subfields
LEADER 00000cam a22000001a 4500
001 in00003246621
006 m d f
007 cr bn mmmapmmp
008 091027s1998 dcua o f000 0 eng d
005 20260511185136.5
035 |a cis2007469869 
040 |a UMI  |c UMI  |d UtOrBLW 
043 |a n-us--- 
074 |a 1012-A-03 
074 |a 1012-B-03 (MF) 
086 0 |a Y 4.SE 2/1 A:997-98/33 
088 |a H.N.S.C. no. 105-33 
099 |a HRG-1998-HNS-0023 
110 1 |a United States.  |b Congress.  |b House.  |b Committee on National Security.  |b Special Oversight Panel on Morale, Welfare, and Recreation. 
245 1 0 |a Hearing on National Defense Authorization Act for fiscal year 1999--H.R. 3616 and oversight of previously authorized programs before the Committee on National Security, House of Representatives, One Hundred Fifth Congress, second session :  |b Special Oversight Panel on Morale, Welfare, and Recreation hearings on morale, welfare and recreation, and commissary issues : hearings held March 3, and 12, 1998. 
246 1 8 |a H.R. 3616, National Defense Authorization Act for fiscal year 1999 and oversight of previously authorized programs ... 
246 3 0 |a Morale, welfare and recreation, and commissary issues 
264 1 |a Washington :  |b U.S. G.P.O. :  |c 1998. 
264 2 |a Washington :  |b For sale by the U.S. G.P.O., Supt. of Docs., Congressional Sales Office, 
300 |a 1 online resource. 
336 |a text  |b txt  |2 rdacontent 
337 |a computer  |b c  |2 rdamedia 
338 |a online resource  |b cr  |2 rdacarrier 
500 |a Record is based on bibliographic data in ProQuest Congressional Hearings Digital Collection. Reuse except for individual research requires license from ProQuest, LLC. 
538 |a System requirements: PDF reader software. 
500 |a Electronic resource. 
610 1 0 |a United States.  |b Department of Defense  |x Appropriations and expenditures. 
650 0 |a Military exchanges  |z United States. 
651 0 |a United States  |x Armed Forces  |x Facilities. 
651 0 |a United States  |x Armed Forces  |x Officials and employees  |x Recreation. 
651 0 |a United States  |x Armed Forces  |x Officials and employees  |x Services for. 
655 7 |a Electronic books.  |2 local 
710 2 |a ProQuest (Firm) 
776 0 8 |i Print version:  |a United States. Congress. House. Committee on National Security. Special Oversight Panel on Morale, Welfare, and Recreation.  |t Hearing on National Defense Authorization Act for fiscal year 1999--H.R. 3616 and oversight of previously authorized programs before the Committee on National Security, House of Representatives, One Hundred Fifth Congress, second session  |w (DGPO)99006069  |w (OCoLC)40748748 
776 0 8 |i Microfiche version:  |a United States. Congress. House. Committee on National Security. Special Oversight Panel on Morale, Welfare, and Recreation.  |t Hearing on National Defense Authorization Act for fiscal year 1999--H.R. 3616 and oversight of previously authorized programs before the Committee on National Security, House of Representatives, One Hundred Fifth Congress, second session.  |d [Bethesda, Md.] : ProQuest,[2004]  |o CIS 99 H571-5  |w (ProQuest)cis09900936 
830 0 |a U.S. Congressional Hearings. 
856 4 0 |u http://proxy.library.tamu.edu/login?url=https://congressional.proquest.com/congcomp/getdoc?HEARING-ID=HRG-1998-HNS-0023  |z Connect to the full text of this electronic book  |t 0 
998 |a cis09900936 
999 |a MARS 
999 f f |s 2f3a5bb4-f315-36b1-8413-7140fb7eb7f5  |i 700f10da-d28b-3373-8abf-64e8b7d2b8d6  |t 0 
952 f f |a Texas A&M University  |b College Station  |c Electronic Resources  |s www_evans  |d Available Online  |t 0  |e HRG-1998-HNS-0023  |h Other scheme 
998 f f |a HRG-1998-HNS-0023  |t 0  |l Available Online